Sports Quiz

Random Sports Quiz
Score 0/10 Timer 06:00
0 Plays Today
% Correct
Portillo
92.2%
Miguel Ángel Ferrer
88.2%
Dani Percinas
86.3%
Kepa Blanco
78.4%
Riki
76.5%
Lassad
76.5%
Pablo Lago
76.5%
De Lucas
74.5%
Makukula
74.5%
Royston Drenthe
39.2%
Remove Ads.
Support Sporcle.
Get the best of Sporcle when you Go Orange. This ad-free experience offers more features, more stats, and more fun while also helping to support Sporcle. Thank you for becoming a member.

You're not logged in!

Compare scores with friends on all Sporcle quizzes.
OR
Log In

Show Comments

Extras

Created Oct 15, 2010ReportNominate

Top Quizzes Today


Score Distribution

Your Account Isn't Verified!

In order to create a playlist on Sporcle, you need to verify the email address you used during registration. Go to your Sporcle Settings to finish the process.

Report this User

Report this user for behavior that violates our Community Guidelines.

Details: